Consumer inflation expectations: Daily dynamics

Používame vysokofrekvenčné metódy identifikácie na štúdium reakcie spotrebiteľských inflačných očakávaní na mnoho rôznych typov udalostí pomocou údajov z prieskumu spotrebiteľských očakávaní Federálnej rezervnej banky v New Yorku. Identifikujeme reakciu očakávaní na veľký súbor šokov vrátane stretnu...

Descrizione completa

Salvato in:
Dettagli Bibliografici
Autore principale: Conces Binder, Carola
Altri autori: Campbell, Jeffrey, Ryngaert, Jane
Natura: Capitolo di libro
Lingua:inglese
Soggetti:
Tags: Aggiungi Tag
Nessun Tag, puoi essere il primo ad aggiungerne!!

MARC

LEADER 00000naa a2200000 4500
001 0303983
005 20240906092223.1
041 0 |a eng 
044 |a NL 
245 1 0 |a Consumer inflation expectations: Daily dynamics  |c Carola Conces Binder, Jeffrey Campbell, Jane Ryngaert 
520 |a Používame vysokofrekvenčné metódy identifikácie na štúdium reakcie spotrebiteľských inflačných očakávaní na mnoho rôznych typov udalostí pomocou údajov z prieskumu spotrebiteľských očakávaní Federálnej rezervnej banky v New Yorku. Identifikujeme reakciu očakávaní na veľký súbor šokov vrátane stretnutí FOMC a zverejnení makroekonomických údajov. 
610 2 0 |a inflácia 
610 2 0 |a makroekonomika 
610 2 0 |a spotrebitelia 
610 2 0 |a dynamika ekonomiky 
610 2 0 |a banky 
100 1 |a Conces Binder, Carola 
700 1 |a Campbell, Jeffrey 
700 1 |a Ryngaert, Jane